000
00269nam a22001217a 4500
003
SGT
082
_a
340
100
_a
RYDER RODNEY,D.
245
_a
DRAFTING CORPORATE & COMMERCIAL AGREEMENTS
250
_a
2ND
260
_a
NEW DELHI
_b
UNIVERSAL LAW
942
_2
ddc
_c
CD
999
_c
11461
_d
11461